| 000 | 00675nam a2200277Ia 4500 | ||
|---|---|---|---|
| 005 | 20251020182457.0 | ||
| 008 | 200515s9999 xx 000 0 und d | ||
| 020 | _a84-7146-166-8 | ||
| 082 | _a624.131/C22 | ||
| 100 | _aCambefort, Henri | ||
| 245 | 0 | _aGeotecnia del ingeniero : reconocimiento de suelos | |
| 260 | _aBarcelona | ||
| 260 | _bEditores Técnicos Asociados | ||
| 260 | _c1975 | ||
| 300 | _a425 p. | ||
| 300 | _bil., tbl., graf. | ||
| 500 | _a1 ejemplar | ||
| 650 | _aANCLAJES | ||
| 650 | _aCIMENTACIONES | ||
| 650 | _aESTUDIO DE SUELOS | ||
| 650 | _aEXCAVACIONES | ||
| 650 | _aGEOTECNIA | ||
| 650 | _aSUELOS | ||
| 942 | _cLIB | ||
| 999 |
_c1041 _d1041 |
||